Неразрушающий анализ содержания [235U, 236U, 237Np, 238U] в топливе отработавших ТВС ИРТ-3М; Атомная энергия; Т. 101, вып. 5

Detalhes bibliográficos
Parent link:Атомная энергия: теоретический и научно-технический журнал/ Российская академия наук ; Министерство РФ по атомной энергии, ядерного общества.— , 1956-.— 0004-7163
Т. 101, вып. 5.— 2006.— с. 396-399
Outros Autores: Бушуев А. В., Кожин А. Ф., Ли Жуньдун, Зубарев В. Н., Портонов . А., Щуровская М. В., Петрова Е. В.
Idioma:russo
Publicado em: 2006
Colecção:Научно-технические сообщения
Assuntos:
Formato: Capítulo de Livro
KOHA link:https://koha.lib.tpu.ru/cgi-bin/koha/opac-detail.pl?biblionumber=426484

MARC

LEADER 00000naa2a2200000 4500
001 426484
005 20231101074525.0
035 |a (RuTPU)RU\TPU\prd\85230 
035 |a RU\TPU\prd\49664 
090 |a 426484 
100 |a 20100706a2006 k y0rusy50 ca 
101 0 |a rus 
102 |a RU 
200 1 |a Неразрушающий анализ содержания [235U, 236U, 237Np, 238U] в топливе отработавших ТВС ИРТ-3М  |f А. В. Бушуев [и др.] 
225 1 |a Научно-технические сообщения 
320 |a Библиогр.: 3 назв. 
461 0 |0 (RuTPU)RU\TPU\prd\33  |x 0004-7163  |t Атомная энергия  |o теоретический и научно-технический журнал  |f Российская академия наук ; Министерство РФ по атомной энергии, ядерного общества  |d 1956- 
463 0 |0 (RuTPU)RU\TPU\prd\85218  |t Т. 101, вып. 5  |v с. 396-399  |d 2006 
610 1 |a исследовательские реакторы 
610 1 |a топливо 
610 1 |a изотопный состав 
610 1 |a неразрушающий анализ 
610 1 |a актиноиды 
610 1 |a кратковременное облучение 
610 1 |a уран 
675 |a 621.039.4  |v 3 
701 1 |a Бушуев  |b А. В. 
701 1 |a Кожин  |b А. Ф. 
701 1 |a Ли Жуньдун 
701 1 |a Зубарев  |b В. Н. 
701 1 |a Портонов  |b . А. 
701 1 |a Щуровская  |b М. В. 
701 1 |a Петрова  |b Е. В. 
801 1 |a RU  |b 63413507  |c 20070319  |g PSBO 
801 2 |a RU  |b 63413507  |c 20100706  |g RCR 
942 |c BK